Lehrbuch der Zooligie Begründet / (Record no. 45000)

MARC details
000 -LEADER
campo de control de longitud fija 00597nam a2200193 i 4500
001 - NÚMERO DE CONTROL
campo de control 45000
003 - IDENTIFICADOR DE NÚMERO DE CONTROL
campo de control ES-MaACL
005 - FECHA Y HORA DE LA ÚLTIMA TRANSACCIÓN
campo de control 20230906161132.0
007 - CAMPO FIJO DE DESCRIPCIÓN FÍSICA--INFORMACIÓN GENERAL
campo de control de longitud fija t|
008 - DATOS DE LONGITUD FIJA--INFORMACIÓN GENERAL
campo de control de longitud fija 030324s1917 gw ||||1| ger d
100 1# - ENTRADA PRINCIPAL--NOMBRE DE PERSONA
Nombre de persona Claus, C.
9 (RLIN) 39092
245 10 - MENCIÓN DEL TÍTULO
Título Lehrbuch der Zooligie Begründet /
Mención de responsabilidad, etc. von C. Claus, Claus Grobben ; neuberbeiten von Karl Grobben.
250 ## - MENCION DE EDICION
Mención de edición Dritte umgearbeitete auflage.
260 ## - PUBLICACIÓN, DISTRIBUCIÓN, ETC.
Lugar de publicación, distribución, etc. Marburg N. G. :
Nombre del editor, distribuidor, etc. Elwert'sche,
Fecha de publicación, distribución, etc. 1917.
300 ## - DESCRIPCIÓN FÍSICA
Extensión XVI, 1087 p. :
Otras características físicas il. ;
Dimensiones 25 cm.
700 1# - ENTRADA AGREGADA--NOMBRE PERSONAL
Nombre de persona Grobben, Claus.
9 (RLIN) 60099
700 1# - ENTRADA AGREGADA--NOMBRE PERSONAL
Nombre de persona Grobben, Karl.
9 (RLIN) 60100
852 ## - LOCALIZACIÓN
Ubicación ES-MaACL
Número de control de estantería F-4607
Holdings
Estatus retirado Estado de pérdida Estado de daño No para préstamo Biblioteca de origen Biblioteca actual Ubicación en estantería Fecha de adquisición Fuente de adquisición Total de préstamos Signatura topográfica completa Código de barras Visto por última vez Precio de reemplazo Tipo de ítem Koha
        Biblioteca del Ateneo de Madrid Biblioteca del Ateneo de Madrid Depósito 2 17/01/2008     F-4607 1047360 23/02/2023 23/02/2023 Libro impreso